Studies on the use of polybutadiene rubber in microcellular sheets (Record no. 69744)

MARC details
000 -LEADER
fixed length control field 00419nam a2200121Ia 4500
100 ## - MAIN ENTRY--AUTHOR NAME
Personal name Varghese L
245 #0 - TITLE STATEMENT
Title Studies on the use of polybutadiene rubber in microcellular sheets
260 ## - PUBLICATION, DISTRIBUTION, ETC. (IMPRINT)
Name of publisher Proceedings of the Asia Rub Tech Expo, 23-25 November 2006, Indian Rubber Institute, Kochi. pp.90-91.
650 ## - SUBJECT ADDED ENTRY--TOPICAL TERM
Topical Term Polybutadiene rubber
700 ## - ADDED ENTRY--PERSONAL NAME
Personal name Thomas K T
942 ## - ADDED ENTRY ELEMENTS (KOHA)
Koha item type Journals
Holdings
Withdrawn status Lost status Damaged status Not for loan Home library Current library Shelving location Date acquired Koha item type
      Journals RRII Library RRII Library Rubber chemistry 20/09/2006 Journals